Vizualizácia pohybu používateľov

Saved in:
Bibliographic Details
Main Author: Belko, Andrej (Author)
Other Authors: Čavojský, Maroš (Thesis advisor)
Format: Manuscript Book
Language:Slovak
Published: Bratislava : STU v Bratislave FEI, 2023
Subjects:
Online Access:https://opac.crzp.sk/?fn=detailBiblioFormChildARUR4&sid=08878EB2E7E37CD099907AC0752B&seo=CRZP-detail-kniha
Tags: Add Tag
No Tags, Be the first to tag this record!

MARC

LEADER 00000ntm a22000003a 4500
001 stuzp92851
003 SK-STU
005 20241106135649.2
007 ta
008 150427s2015----xo-----f-mn---000-0-slo-d
040 |a STU  |b slo 
041 0 |a slo 
044 |a xo 
100 1 |a Belko, Andrej  |u 035000  |4 aut  |U FEI Fakulta elektrotechniky a informatiky  |T FEI Ústav informatiky a matematiky  |X 111971  |U E050  |Y 816  |7 111971 
242 0 1 |a Visualization of user's movement  |y eng 
245 1 0 |a Vizualizácia pohybu používateľov 
260 |a Bratislava :  |b STU v Bratislave FEI,  |c 2023 
300 |a 56 s., príl. 
650 4 |a klastrovanie  |2 slo 
650 4 |a trajektória  |2 slo 
650 4 |a vizualizácia  |2 slo 
650 4 |a clustering  |2 eng 
650 4 |a trajectory  |2 eng 
650 4 |a visualization  |2 eng 
700 1 |a Čavojský, Maroš  |u 035000  |k Z1  |4 ths  |U FEI Fakulta elektrotechniky a informatiky  |T FEI Ústav informatiky a matematiky  |X 64790  |U E050  |Y 816  |7 A000064790 
856 4 |u https://opac.crzp.sk/?fn=detailBiblioFormChildARUR4&sid=08878EB2E7E37CD099907AC0752B&seo=CRZP-detail-kniha